00293nam a2200121Ia 4500008004100000041000800041082001200049100001400061245002200075260003700097300003200134365000500166240624s9999 xx 000 0 und d aeng a823 SAU aSAUL JOHN aPERFECT NIGHTMARE c2006aNew YorkbBallantine Books axiii, : 365 : p. : cm. ; 17 c